| 000 | 02215cam a22005774i 4500 | ||
|---|---|---|---|
| 003 | PE-LiUPU | ||
| 005 | 20250731180117.0 | ||
| 008 | 190409s2010 pe r 001 0 spa d | ||
| 020 | _a6124050080 | ||
| 020 | _a9786124050084 | ||
| 035 | _a(Sirsi) a252088 | ||
| 040 |
_aPE-LiUPU _bspa _cPE-LiUPU _erda _dPE-LiUPU _erda |
||
| 049 | _aPRUA | ||
| 082 | 0 | 4 |
_a507.8 _bR76 _220 |
| 100 | 1 |
_aRodríguez Rivas, Miguel Ángel, _eautor. |
|
| 245 | 1 | 3 |
_aEl proceso de la ciencia : _bla ciencia / _cMiguel Ángel Rodríguez Rivas. |
| 250 | _aSegunda edición. | ||
| 264 | 1 |
_aLima : _bFondo Editorial de la UIGV, _c2010. |
|
| 300 |
_a228 páginas ; _c25 centímetros. |
||
| 336 |
_atext _2rdacontent |
||
| 337 |
_aunmediated _2rdamedia |
||
| 338 |
_avolume _2rdacarrier |
||
| 490 | 0 | _aTextos Universitarios/Metodología | |
| 504 | _aÍndice: páginas 213-228. | ||
| 505 | 0 |
_aVolumen 1 _tLa ciencia. _aConocimiento ideológico -- Conocimiento científico -- Investigación científica -- Teoría de la ciencia -- Ciencia y sociedad. |
|
| 505 | 0 |
_aVolumen 2 _tEl método. _aSímbolo y significado -- Pensamiento y verdad -- Lógica de la ciencia -- Normatividad de la investigación científica -- Teorías metodológicas. |
|
| 526 | _aSEG44 | ||
| 526 | _aSEG26 | ||
| 526 | _aP159 | ||
| 526 | _aP155 | ||
| 526 | _aP154 | ||
| 526 | _aP153 | ||
| 526 | _aP150 | ||
| 526 | _aP100 | ||
| 526 | _aP31 | ||
| 526 | _aP30 | ||
| 526 | _aP26 | ||
| 526 | _aP25 | ||
| 526 | _aP24 | ||
| 526 | _aP22 | ||
| 526 | _aP15 | ||
| 526 | _aP10 | ||
| 541 | _g025-56; | ||
| 650 | 0 | 4 |
_aCiencia. _91710 |
| 910 |
_adbm _bsag _csag _d20190409 |
||
| 942 |
_2ddc _cBOOK |
||
| 994 |
_aC0 _bPEPRU |
||
| 596 | _a1 | ||
| 999 |
_a507.8 R76 1 _wLC _c31347 _i80122 _f2021-11-5 _g3 _lCCODEBUL1 _mBUL _p6.99 _r0 _sY _tBOOK _u2019-4-9 _xBIBLIOTECA _PP83 _0COMPRA _1FCOMPR2 _o.STAFF. Colección Ciencias de la Salud _d31347 |
||
| 999 |
_a507.8 R76 2 _wDEWEY _c1 _i80123 _f2021-11-5 _g3 _lCCODEBUL1 _mBUL _p6.99 _r0 _sY _tBOOK _u2019-4-10 _xBIBLIOTECA _PP83 _0COMPRA _1FCOMPR2 _o.STAFF. Colección Ciencias de la Salud |
||
| 980 |
_81 _gALBERTO SANCHEZ Responsable de Automatización |
||